Pier Luigi Nervi / (Record no. 187784)

MARC details
000 -LEADER
campo de control de longitud fija 00755nam a2200217 i 4500
001 - NÚMERO DE CONTROL
campo de control 187784
003 - IDENTIFICADOR DE NÚMERO DE CONTROL
campo de control ES-MaACL
005 - FECHA Y HORA DE LA ÚLTIMA TRANSACCIÓN
campo de control 20230906223028.0
008 - DATOS DE LONGITUD FIJA--INFORMACIÓN GENERAL
campo de control de longitud fija 180221s1961 sp |||| | spa d
100 1# - ENTRADA PRINCIPAL--NOMBRE DE PERSONA
Nombre de persona Huxtable, Ada Louise.
9 (RLIN) 164298
245 10 - MENCIÓN DEL TÍTULO
Título Pier Luigi Nervi /
Mención de responsabilidad, etc. por Ada Louise Huxtable ; [versión... de Adolfo Sarabia ; edición revisada por Luis M. Aragó].
260 ## - PUBLICACIÓN, DISTRIBUCIÓN, ETC.
Lugar de publicación, distribución, etc. Barcelona :
Nombre del editor, distribuidor, etc. Bruguera,
Fecha de publicación, distribución, etc. [1961]
300 ## - DESCRIPCIÓN FÍSICA
Extensión 128 p., lám. 1-137 ;
Dimensiones 26 cm.
490 1# - MENCIÓN DE SERIE
Mención de serie Maestros de la Arquitectura Mundial
600 04 - PUNTO DE ACCESO ADICIONAL DE MATERIA--NOMBRE DE PERSONA
Nombre de persona Nervi, Pier Luigi.
9 (RLIN) 85403
700 0# - ENTRADA AGREGADA--NOMBRE PERSONAL
Nombre de persona Sarabia, Adolfo.
9 (RLIN) 103732
700 0# - ENTRADA AGREGADA--NOMBRE PERSONAL
Nombre de persona Aragó, Luis María.
9 (RLIN) 22167
830 0# - PUNTO DE ACCESO ADICIONAL DE SERIE-TÍTULO UNIFORME
Título uniforme Maestros de la Arquitectura Mundial
9 (RLIN) 192833
852 ## - LOCALIZACIÓN
Ubicación ES-MaACL
Número de control de estantería E-3956
Holdings
Estatus retirado Estado de pérdida Estado de daño No para préstamo Biblioteca de origen Biblioteca actual Ubicación en estantería Fecha de adquisición Fuente de adquisición Total de préstamos Signatura topográfica completa Código de barras Visto por última vez Precio de reemplazo Tipo de ítem Koha
        Biblioteca del Ateneo de Madrid Biblioteca del Ateneo de Madrid Depósito 2 21/02/2018     E-3956 1198397 23/02/2023 23/02/2023 Libro impreso